Дело о возобновлении контракта с танцовщицей Герино и об увольнении танцовщика Герино в отставку

Доступно только в Электронных читальных залах Найти на картеНа карте
RUSMARC
00004140nmc2a22000003x 450
0014ff6df20-a20c-4c05-8f38-2d1d709a4622
00520181224180859.0
100##$a20170623l18451845k l0rusy0189 ca
1010#$arus
102##$aRU
2001#$aДело о возобновлении контракта с танцовщицей Герино и об увольнении танцовщика Герино в отставку
$j9 июня - 26 ноября 1845 г.
251##$cДело
300##$aПо Московской дирекции за 1845 год
300##$aОриг. заголовок дела: Дело о возобновлении ангажемента танцовщика Герино и жены его танцовщицы, и об увольнении первого из них вовсе от службы. 9 июня 1845 г. - 26 ноября 1845 г
801#0$aRU
$bРГИА
$c20170623
$gRCR
801#1$aRU
$bГлавНИВЦ
$c20170623
$2rusmarc
801#2$aRU
$bПБ им. Б.Н. Ельцина
$c20181224
$gRCR
$2rusmarc
850##$aРГИА
852##$aРГИА
$eФедеральное казенное учреждение "Российский государственный исторический архив" (РГИА)
$j10624
937##$hРГИА
$d12245752
$aASBIBLIO_SCAN
462#0$1001dd3991dc-24e1-42ec-8838-ca4255420416
$12001
$a1746-1850 гг.
$1251
$cОпись
$1852
$j1
461#0$10019264ebf8-de62-4f1a-9eb4-9f22098dbbd5
$12001
$aДирекция императорских театров МИДв
$1251
$cФонд
$1852
$j497
215##$a11 л.
$d36,5х26 см
371##$aДокумент не является опубликованным и широко распространяемым
105##$ay###
1222#$ad
5171#$aДело о возобновлении ангажемента танцовщика Герино и жены его танцовщицы, и об увольнении первого из них вовсе от службы. 9 июня 1845 г. - 26 ноября 1845 г
035##$a4ff6df20-a20c-4c05-8f38-2d1d709a4622
856##$uhttp://readingroom.main.prlib.ru/item.aspx?id_node=n122259724&mode=full
Формат отображения